| 000 | 00797cam a2200193 4500 | ||
|---|---|---|---|
| 008 | 050126n2004 000 0 eng u | ||
| 020 | _a0110496264 | ||
| 035 | _a(Sirsi) u128666 | ||
| 041 | _aeng | ||
| 245 | _aCommonhold and Leasehold Reform Act 2002 (Commencement No.4) Order 2004 | ||
| 260 |
_aLondon _bHMSO _c2004 |
||
| 490 |
_aSI _v2004: 1832 |
||
| 520 | _aBrings Commonhold and Leasehold Reform Act 2002 Part I into force with the exception of s21(4) and (5) and the sections already in force. View at www.legislation.hmso.gov.uk. | ||
| 590 | _aCLR | ||
| 650 | _aCOMMONHOLD AND LEASEHOLD REFORM ACT 2002 | ||
| 690 | _aLANDLORD AND TENANT-LEASEHOLD REFORM | ||
| 856 |
_uhttps://www.legislation.hmso.gov.uk/si/si2004/20041832.htm _zView the Order on the HMSO website... |
||
| 942 | _n0 | ||
| 999 |
_c103974 _d103974 |
||